00000000nam 2200000zi 4500
0019.951352
003CaOODSP
00520250722135344
006m     o  d f      
007cr cn|||||||||
008250526t20252025oncad   osb  f000 0 eng d
020 |a9780660774053
040 |aCaOODSP|beng|erda|cCaOODSP
043 |an-cn---
0861 |aCS11-627/2025-41E-PDF
24500|aPolice-reported crime in Canada, 2024.
264 1|a[Ottawa] : |bStatistics Canada = Statistique Canada, |c[2025]
264 4|c©2025
300 |a1 online resource (1 unnumbered page) : |billustrations, graphs
336 |atext|btxt|2rdacontent
337 |acomputer|bc|2rdamedia
338 |aonline resource|bcr|2rdacarrier
500 |aCaption title.
500 |aIssued also in French under title: Crimes déclarés par la police au Canada en 2024.
504 |aIncludes bibliographical references.
520 |a"The volume and severity of crime, as measured by the Crime Severity Index (CSI), decreased for the first time in four years, down 4% in 2024"--Page [1].
650 0|aCrime|zCanada|vStatistics.
650 0|aCriminal statistics|zCanada.
655 7|aStatistics|2lcgft
655 7|aInfographics|2lcgft
7102 |aStatistics Canada, |eissuing body.
77508|tCrimes déclarés par la police au Canada en 2024.|w(CaOODSP)9.951353
85640|qPDF|s3.57 MB|uhttps://publications.gc.ca/collections/collection_2025/statcan/11-627-m/11-627-m2025041-eng.pdf
8564 |qHTML|sN/A|uhttps://www150.statcan.gc.ca/n1/pub/11-627-m/11-627-m2025041-eng.htm
986 |a11-627-M